LEADER 01396nam0-22004091i-450- 001 990002407420203316 005 20091027095259.0 010 $a90-411-2230-3 035 $a000240742 035 $aUSA01000240742 035 $a(ALEPH)000240742USA01 035 $a000240742 100 $a20050314d2003----y01 ba 101 $aeng 102 $aNL 105 $a||||||||001yy 200 1 $a<> European codification process$eCut and paste$fUgo Mattei 210 $aThe Hague$cKluwer law international$dcopyr. 2003 215 $aXVI, 183 p.$d25 cm 225 2 $aPrivate law in European context series$v4 410 0$12001$aPrivate law in European context series$v4 606 0 $aDiritto comunitario* 676 $a341.2422 700 1$aMATTEI,$bUgo$0140603 801 0$aIT$bsalbc$gISBD 912 $a990002407420203316 951 $aXXIII.4.K. 494 (IG VIII 12 ING 1202)$b47617 G.$cXXIII.4.K. 494 (IG VIII 12 ING)$d00180642 951 $aXXIII.4.K. 494 a (IG VIII 12 ING 1202)$b47599 G.$cXXIII.4.K. 494 a (IG VIII 12 ING)$d00180643 959 $aBK 969 $aGIU 979 $aPAOLA$b90$c20050314$lUSA01$h1621 979 $aPAOLA$b90$c20050314$lUSA01$h1639 979 $aMARIASEN$b90$c20051005$lUSA01$h1614 979 $aPATRY$b90$c20080416$lUSA01$h1416 979 $aRSIAV4$b90$c20091027$lUSA01$h0952 996 $aEuropean codification process$91065274 997 $aUNISA LEADER 01332nam a2200385 i 4500 001 991001121099707536 005 20020507183638.0 008 990303s1998 us ||| | eng 020 $a038798318X 035 $ab10803816-39ule_inst 035 $aLE01307352$9ExL 040 $aDip.to Matematica$beng 082 0 $a530.12 084 $aAMS 58F 084 $aAMS 81P 084 $aAMS 81R 084 $aAMS 81S10 084 $aAMS 81T 100 1 $aLandsman, Nicolaas P.$062191 245 10$aMathematical topics between classical and quantum mechanics /$cN. P. Landsman 260 $aNew York :$bSpringer-Verlag,$cc1998 300 $axix, 529 p. ;$c24 cm. 490 0 $aSpringer monographs in mathematics 500 $aIncludes bibliographical references and index 650 4$aDifferential geometry 650 4$aHilbert space 650 4$aMathematical physics 650 4$aQuantum field theory-mathematics 650 4$aQuantum theory-mathematics 907 $a.b10803816$b23-02-17$c28-06-02 912 $a991001121099707536 945 $aLE013 81S LAN11 (1998)$g1$i2013000116112$lle013$o-$pE0.00$q-$rl$s- $t0$u2$v0$w2$x0$y.i10908195$z28-06-02 996 $aMathematical Topics Between Classical and Quantum Mechanics$9374984 997 $aUNISALENTO 998 $ale013$b01-01-99$cm$da $e-$feng$gus $h0$i1